| 000 | 00572nam a2200133Ia 4500 | ||
|---|---|---|---|
| 008 | 171212s9999 xx 000 0 und d | ||
| 020 | _a9780833033321 | ||
| 100 | _aHassell, Scott;Wong, Anny;Houser, Ari;Knopman, Debra;Bernstein, Mark A. | ||
| 245 |
_cHassell, Scott;Wong, Anny;Houser, Ari;Knopman, Debra;Bernstein, Mark A. _aBuilding Better Homes _bGovernment Strategies for Promoting Innovation in Housing |
||
| 260 |
_bRAND Corporation _c2003 |
||
| 650 | _aHousing policy -- United States | ||
| 650 | _aTechnology | ||
| 856 | _uwww.jstor.org/stable/10.7249/mr1658hud-path | ||
| 999 |
_c351814 _d351814 |
||